Score 0/19 Timer 05:00
0 Plays Today
% Correct
Russell Crowe
75.7%
Isla Fisher
70%
Paul Hogan
65%
Margot Robbie
60.7%
Eric Bana
57.1%
Rebel Wilson
57.1%
Guy Pearce
55%
Simon Baker
52.9%
Chris Hemsworth
51.4%
Hugo Weaving
51.4%
% Correct
Kylie Minogue
50%
Heath Ledger
42.1%
Nicole Kidman
40.7%
Hugh Jackman
35%
Geoffrey Rush
34.3%
Jesse Spencer
24.3%
Joel Edgerton
22.9%
Naomi Watts
18.6%
Ryan Kwanten
7.1%
Remove Ads.
Support Sporcle.
Get the best of Sporcle when you Go Orange. This ad-free experience offers more features, more stats, and more fun while also helping to support Sporcle. Thank you for becoming a member.

You're not logged in!

Compare scores with friends on all Sporcle quizzes.
OR
Log In

Show Comments

Extras

Created Jan 19, 2015ReportNominate
Tags:Australian

Top Quizzes Today


Score Distribution

Your Account Isn't Verified!

In order to create a playlist on Sporcle, you need to verify the email address you used during registration. Go to your Sporcle Settings to finish the process.

Report this User

Report this user for behavior that violates our Community Guidelines.

Details: